|
|
|
|
| LEADER |
01490nam a2200385 a 4500 |
| 001 |
EBC333824 |
| 003 |
MiAaPQ |
| 005 |
20200520144314.0 |
| 006 |
m o d | |
| 007 |
cr cn||||||||| |
| 008 |
070420s2007 onc sb 001 0 eng |
| 010 |
|
|
|z 2007405451
|
| 016 |
|
|
|z 20069022119
|
| 020 |
|
|
|z 0470838485
|
| 020 |
|
|
|z 9780470838488
|
| 035 |
|
|
|a (MiAaPQ)EBC333824
|
| 035 |
|
|
|a (Au-PeEL)EBL333824
|
| 035 |
|
|
|a (CaPaEBR)ebr10295961
|
| 035 |
|
|
|a (CaONFJC)MIL123694
|
| 035 |
|
|
|a (OCoLC)228509082
|
| 040 |
|
|
|a MiAaPQ
|c MiAaPQ
|d MiAaPQ
|
| 050 |
|
4 |
|a HD59
|b .A455 2007
|
| 055 |
|
0 |
|a HD59
|b A456 2007
|
| 082 |
0 |
4 |
|a 659.2
|2 22
|
| 100 |
1 |
|
|a Allen, Judy,
|d 1952-
|
| 245 |
1 |
4 |
|a The executive guide to corporate events & business entertaining
|h [electronic resource] :
|b how to choose and use corporate functions to increase brand awareness, develop new business, nurture customer loyalty and drive growth /
|c Judy Allen.
|
| 260 |
|
|
|a Mississauga, Ont. :
|b J. Wiley & Sons Canada,
|c c2007.
|
| 300 |
|
|
|a xx, 300 p.
|
| 504 |
|
|
|a Includes bibliographical references and index.
|
| 533 |
|
|
|a Electronic reproduction. Ann Arbor, MI : ProQuest, 2015. Available via World Wide Web. Access may be limited to ProQuest affiliated libraries.
|
| 650 |
|
0 |
|a Business entertaining
|x Planning.
|
| 650 |
|
0 |
|a Public relations.
|
| 655 |
|
4 |
|a Electronic books.
|
| 710 |
2 |
|
|a ProQuest (Firm)
|
| 856 |
4 |
0 |
|u https://ebookcentral.proquest.com/lib/matrademy/detail.action?docID=333824
|z Click to View
|